000 00836nam a22002177a 4500
001 74644
003 BD-RjUL
005 20211209082601.0
008 181112s1986 bg ||||| |||| 00| 0 eng d
035 _a(BD-RjUL)74862
040 _aBD-RjUL
_bben
_cBD-RjUL
041 _aben
082 _223
_a300.1
_bALS 1986
100 _aআলম, রশীদুল
_9224819
245 _aসমাজদর্শনের ভূুমিকা /
_cরশীদুল আলম
260 _aবগুড়া :
_bনতুন সাহিত্য কুটির,
_c১৯৮৬
300 _aবিভিন্ন রকম পৃষ্ঠা ;
_c১৯ সেমি.
650 _aসামাজিক বিজ্ঞান
_xদর্শনশাস্ত্র
_9224820
650 _aSocial sciences
_xPhilosophy
_9224821
942 _2ddc
_cBK
999 _c74644
_d74644